000 00310nam a22001337a 4500
008 180927b xxu||||| |||| 00| 0 eng d
020 _a9780323014748
041 _aeng
080 _25 ED
_a610
100 _a3
101 _aSHM
245 _aBenign Diseaase Vulva And Vagina
_cBrown.D
942 _2udc
_cBK
999 _c48595
_d48595